MARC details
| 000 -CABECERA |
| campo de control de longitud fija |
00991cam a2200253 a 4500 |
| 001 - NÚMERO DE CONTROL |
| campo de control |
000005946 |
| 005 - FECHA Y HORA DE LA ÚLTIMA TRANSACCIÓN |
| campo de control |
20200929151844.0 |
| 008 - DATOS DE LONGITUD FIJA--INFORMACIÓN GENERAL |
| campo de control de longitud fija |
971126s1990 sp a 001 p spa |
| 020 ## - NÚMERO INTERNACIONAL ESTÁNDAR DEL LIBRO |
| Número Internacional Estándar del Libro |
8478200525 |
| 040 ## - FUENTE DE LA CATALOGACIÓN |
| Centro catalogador/agencia de origen |
DO-SdBNP |
| Centro/agencia transcriptor |
DLC |
| Centro/agencia modificador |
DLC |
| 082 ## - NÚMERO DE LA CLASIFICACIÓN DECIMAL DEWEY |
| Número de clasificación |
861.64 |
| Número de documento/Ítem |
P654po |
| 100 1# - ENTRADA PRINCIPAL--NOMBRE DE PERSONA |
| Nombre de persona |
Pinillos, Manuel, |
| Fechas asociadas al nombre |
1914-1989. |
| 9 (RLIN) |
16751 |
| 245 10 - MENCIÓN DE TÍTULO |
| Título |
Poesía / |
| Mención de responsabilidad, etc. |
Manuel Pinillos. |
| 260 ## - PUBLICACIÓN, DISTRIBUCIÓN, ETC. |
| Lugar de publicación, distribución, etc. |
Zaragoza, España : |
| Nombre del editor, distribuidor, etc. |
Institución Fernando el Católico, |
| Fecha de publicación, distribución, etc. |
1990. |
| 300 ## - DESCRIPCIÓN FÍSICA |
| Extensión |
265 p. : |
| Otras características físicas |
il. ; |
| Dimensiones |
25 cm. |
| 490 1# - MENCIÓN DE SERIE |
| Mención de serie |
"San Jorge" |
| Designación de volumen o secuencia |
vol. 57 |
| 490 1# - MENCIÓN DE SERIE |
| Mención de serie |
Publicación de la Institución Fernando el Católico |
| Designación de volumen o secuencia |
no. 1215 |
| 505 0# - NOTA DE CONTENIDO CON FORMATO |
| Nota de contenido con formato |
Sentado sobre el suelo -- La muerte o la vida -- Débil tronco querido -- Lugar de origen -- Cuando acorta el día. |
| 650 #4 - PUNTO DE ACCESO ADICIONAL DE MATERIA--TÉRMINO DE MATERIA |
| Término de materia o nombre geográfico como elemento de entrada |
Poesía española |
| 9 (RLIN) |
631 |
| 650 #4 - PUNTO DE ACCESO ADICIONAL DE MATERIA--TÉRMINO DE MATERIA |
| Término de materia o nombre geográfico como elemento de entrada |
Literatura española |
| Subdivisión cronológica |
SIGLO XXI |
| 9 (RLIN) |
4846 |
| 830 #0 - PUNTO DE ACCESO ADICIONAL DE SERIE-TÍTULO UNIFORME |
| Título uniforme |
"San Jorge" ; |
| Designación de volumen o secuencia |
vol. 57. |
| 9 (RLIN) |
14363 |
| 830 #0 - PUNTO DE ACCESO ADICIONAL DE SERIE-TÍTULO UNIFORME |
| Título uniforme |
Publicación de la Institución Fernando el Católico ; |
| Designación de volumen o secuencia |
no. 1215. |
| 9 (RLIN) |
14666 |
| 910 ## - DATOS DE OPCIÓN DEL USUARIO (OCLC) |
| Datos de opción del usuario |
Catalogación por copia / LC |